000 00496nam a2200181Ia 4500
001 19927
005 20260306172728.0
008 260306t2019||||xx |||||||||||||| ||spa||
041 _aESP
082 _a341.4
_bR91
100 _aRubio Correa, Marcial Antonio
_eAUT
245 0 _aManual de razonamiento jurídico:
_bpensar, escribir y convencer: un método para abogados
260 _c2019
300 _a232 páginas :
_c20 cm.
650 _aGEN
654 _aCDE
942 _cLIB
_dJUS
_fJUS
_2ddc
_n
999 _c19927
_d19927